000 00721nam a22001817a 4500
005 20251108173454.0
008 250721s9999 xx 000 0 ara d
082 1 4 _a189.33/غزا
100 1 _aالغزالي، حجة الإسلام أبي حامد محمد بن محمد الطوسي
_eمؤلف
245 1 0 _aالمنقذ من الضلال ومعه كيماء السعادة و القواعد العشرة و الأدب في الدين /
264 1 _aبيروت :
_bالمكتبة الثقافية،
_c{19-}.
300 _a135ص.
650 1 7 _aالفلسفة الإسلامية
650 1 7 _aفلسفة الغزالي
700 1 _aجابر، محمد محمد
_eمصحح
942 _2ddc
_cBK
999 _c104706
_d104706